Lise Meitner : (Record no. 3068)

MARC details
000 -LEADER
fixed length control field 01556cam a2200337 a 4500
005 - DATE AND TIME OF LATEST TRANSACTION
control field 20251028082802.0
020 ## - INTERNATIONAL STANDARD BOOK NUMBER
International Standard Book Number 9780531207765
040 ## - CATALOGING SOURCE
Original cataloging agency DLC
Transcribing agency DLC
Modifying agency IG#
-- DLC
Language of cataloging eng
050 00 - LIBRARY OF CONGRESS CALL NUMBER
Classification number QC774.M4
Item number 2010
082 00 - DEWEY DECIMAL CLASSIFICATION NUMBER
Classification number 539.7092
100 1# - MAIN ENTRY--PERSONAL NAME
Personal name Venezia, Mike
245 10 - TITLE STATEMENT
Title Lise Meitner :
Remainder of title had the right vision about nuclear fission /
Statement of responsibility, etc. written and illustrated by Mike Venezia.
250 ## - EDITION STATEMENT
Edition statement Published in 2010
260 ## - PUBLICATION, DISTRIBUTION, ETC.
Place of publication, distribution, etc. New York :
Name of publisher, distributor, etc. Children's Press,
Date of publication, distribution, etc. 2010
300 ## - PHYSICAL DESCRIPTION
Extent 32 pages ;
Other physical details color illustrations ,
Dimensions 25 cm.
490 ## - SERIES STATEMENT
Series statement Getting to know the world's greatest inventors & scientists
500 ## - GENERAL NOTE
General note Includes index.
505 ## - FORMATTED CONTENTS NOTE
Formatted contents note Z <br/>
520 ## - SUMMARY, ETC.
Summary, etc. Members Reviews Popularity Average rating Conversations<br/>69 1 381,743 None None<br/>These books are without a doubt the definitive and most entertaining biographies of scientists for young readers. Author and artist Mike Venezia provides hilarious, cartoon-style illustrations to complement his easy-to-read text and full-color reproductions of the scientists' sketches and notebooks.
521 ## - TARGET AUDIENCE NOTE
Target audience note 920 <br/>
Source Lexile <br/>
521 ## - TARGET AUDIENCE NOTE
Target audience note Z <br/>
Source Raz-Plus <br/><br/>
650 #0 - SUBJECT ADDED ENTRY--TOPICAL TERM
Topical term or geographic name entry element Physicists
Geographic subdivision Germany
Form subdivision Biography
-- Juvenile literature.
650 #0 - SUBJECT ADDED ENTRY--TOPICAL TERM
Topical term or geographic name entry element Women physicists
Geographic subdivision Germany
Form subdivision Biography
-- Juvenile literature.
650 #0 - SUBJECT ADDED ENTRY--TOPICAL TERM
Topical term or geographic name entry element Nuclear fission
Form subdivision Juvenile literature.
650 #1 - SUBJECT ADDED ENTRY--TOPICAL TERM
Topical term or geographic name entry element Physicists
Geographic subdivision Germany
Form subdivision Biography.
650 #1 - SUBJECT ADDED ENTRY--TOPICAL TERM
Topical term or geographic name entry element Women physicists
Geographic subdivision Germany
Form subdivision Biography.
650 #1 - SUBJECT ADDED ENTRY--TOPICAL TERM
Topical term or geographic name entry element Nuclear fission
Form subdivision Juvenile literature.
906 ## - LOCAL DATA ELEMENT F, LDF (RLIN)
a 7
b cbc
c orignew
d 1
e ecip
f 20
g y-gencatlg
942 ## - ADDED ENTRY ELEMENTS (KOHA)
Source of classification or shelving scheme Dewey Decimal Classification
Koha item type Books
Suppress in OPAC No
999 ## -
-- 3068
-- 3068
Holdings
Withdrawn status Lost status Source of classification or shelving scheme Damaged status Not for loan Collection Home library Current library Shelving location Date acquired Total Checkouts Full call number Barcode Date last seen Copy number Price effective from Koha item type
    Dewey Decimal Classification     Non-Fiction Footprints International School Library Network Toul Tom Poung Campus Footprints International School Library Network Toul Tom Poung Campus TTP Secondary Non-Fiction Bookshelves 02/02/2024   VEN 539.7092 QC774.M4 FISTK05582 02/02/2024 1 02/02/2024 Books